| 000 | 00956nam a22002417a 4500 | ||
|---|---|---|---|
| 005 | 20240715073607.0 | ||
| 008 | 240715t ||||| |||| 00| 0 spa d | ||
| 020 | _a9788412579406 | ||
| 040 |
_aCO-BoUCM _cDavid Moreno _dDavid Moreno |
||
| 041 | _aspa | ||
| 100 | 1 |
_aTazawa, Yoshiko _9181621 |
|
| 245 | 1 | 3 |
_aEl haiku en la poesía española y catalana del siglo XX _bcomo una ballesta en el aire azul _cYoshiko Tazawa |
| 250 | _a1ª ed. | ||
| 260 |
_aBarcelona _bEdiciones Invisibles _c2024 |
||
| 300 | _a307 Paginas | ||
| 650 | 1 | 7 |
_aPoesía española _xLiteratura contemporánea _ySiglo XX _9181622 |
| 650 | 1 | 7 |
_aPoesía catalana _xFormas poéticas _ySiglo XX _9181623 |
| 650 | 1 | 7 |
_aPoesía japonesa _xInfluencia _ySiglo XX _9181624 |
| 650 | 1 | 7 |
_aHaiku _xAnálisis literario _zSiglo XX _9181625 |
| 650 | 1 | 7 |
_aHaiku _xApreciación _xHistoria y crítica _9181626 |
| 942 |
_2DEWEY _a18 _cLIBRO _e1 _h860 _mT248c _n0 |
||
| 999 |
_c324430 _d324430 |
||